|
|
|
|
| LEADER |
00000cam a2200000 4500 |
| 001 |
vtls012141586 |
| 003 |
SK-MaSNL |
| 005 |
20260426001032.0 |
| 008 |
220701s2022 xo oa crnf 000 0 slo |
| 015 |
|
|
|a SNBA2023/05
|
| 020 |
|
|
|a 9788097311049
|q (brožované)
|z 9788097311042
|
| 040 |
|
|
|a SNK
|b slo
|c SNK
|e rda
|
| 041 |
0 |
|
|a slo
|
| 043 |
|
|
|a e-xo---
|
| 044 |
|
|
|a xo
|c SK
|
| 072 |
|
7 |
|a 913
|x Regionálna geografia
|2 konspekt
|
| 072 |
|
7 |
|a 0/9-053.2
|x Literatúra pre deti a mládež (náučná)
|2 konspekt
|
| 080 |
|
|
|a 913:338.483.1
|2 2011
|
| 080 |
|
|
|a (437.611)
|2 2011
|
| 080 |
|
|
|a (036)913
|2 2011
|
| 080 |
|
|
|a (0.053.2)
|2 2011
|
| 080 |
|
|
|a (035)
|2 2011
|
| 100 |
1 |
|
|a Cuperová, Ľudmila Lili
|4 aut
|4 ill
|4 pht
|9 569077
|
| 245 |
1 |
0 |
|a Detský turistický sprievodca Bratislavou
|c Ľudmila Lili Cuperová
|
| 246 |
3 |
4 |
|a Detský turistický sprievodca
|p Bratislava
|
| 246 |
3 |
0 |
|a Bratislava
|
| 250 |
|
|
|a Druhé vydanie
|
| 264 |
|
1 |
|a [Bratislava]
|b [Ľudmila Cuperová]
|c 2022
|
| 300 |
|
|
|a 120 strán
|b fotografie, ilustrácie
|c 23 cm
|
| 336 |
|
|
|a text
|b txt
|2 rdacontent
|
| 336 |
|
|
|a statický obraz
|b sti
|2 rdacontent
|
| 337 |
|
|
|a bez média
|b n
|2 rdamedia
|
| 338 |
|
|
|a zväzok
|b nc
|2 rdacarrier
|
| 490 |
1 |
|
|a Detský turistický sprievodca
|
| 500 |
|
|
|a Vydavateľské údaje podľa NA ISBN
|
| 500 |
|
|
|a Na obale: 120 strán informácií a hier
|
| 500 |
|
|
|a V tiráži chybné ISBN, správne má byť 9788097311049
|
| 504 |
|
|
|a Obsahuje bibliografiu
|
| 521 |
8 |
|
|a Pre čitateľov 7-9 rokov
|
| 650 |
0 |
7 |
|a turistické zaujímavosti
|2 SNKPH
|9 73869
|
| 650 |
0 |
7 |
|a Tourist sights
|2 SNKPHeng
|9 296885
|
| 651 |
|
7 |
|a Bratislava (Slovensko)
|2 SNKPHgeo
|9 14568
|
| 651 |
|
7 |
|a Bratislava (Slovakia)
|2 SNKPHeng
|9 171234
|
| 655 |
|
7 |
|a turistickí sprievodcovia (publikácie)
|2 SNKPH
|9 191298
|
| 655 |
|
7 |
|a Tourist guides
|2 SNKPHeng
|9 274119
|
| 655 |
|
7 |
|a publikácie pre deti
|2 SNKPH
|9 70148
|
| 655 |
|
7 |
|a Publications for children
|2 SNKPHeng
|9 276792
|
| 655 |
|
7 |
|a príručky
|2 SNKPH
|9 74364
|
| 655 |
|
7 |
|a Handbooks, manuals, etc.
|2 SNKPHeng
|9 90964
|
| 830 |
|
0 |
|a Detský turistický sprievodca
|9 507940
|
| 852 |
|
|
|a Slovenská národná knižnica
|
| 919 |
|
|
|a 978-80-973110-4-9
|
| 954 |
|
|
|a iná literatúra (príručky, kuchárske knihy, hobby literatúra, sprievodcovia) pôvodná (slovenská)
|2 lita
|
| 958 |
|
|
|a NB
|
| 958 |
|
|
|a DB
|
| 999 |
|
|
|c 872549
|d 874479
|
| 952 |
|
|
|a SNK
|b SNK
|y PREZ
|7 0
|p 17A1492022
|o snkSC 198163
|i snk2022/10897
|8 0
|0 0
|1 0
|4 0
|d 2022-07-01
|l 0
|r 2025-10-20 00:00:00
|w 2026-02-24
|
| 952 |
|
|
|a SNK
|b SNK
|y VYP
|7 0
|p 17A1492024
|o snkSC 198163 D1
|i snk2022/10898
|8 0
|0 0
|1 0
|4 0
|d 2022-07-01
|l 0
|r 2026-02-24 05:47:41
|w 2026-02-24
|